| Tag |
First Indicator |
Second Indicator |
Subfields |
| LEADER |
00000cam a2200000 4500 |
| 001 |
in00000022018 |
| 005 |
20151007063829.0 |
| 008 |
770401s1879 stkah 00010 eng |
| 010 |
|
|
|a 45050825
|
| 035 |
|
|
|a (OCoLC)02854181
|
| 035 |
|
|
|9 AAD8361AM
|
| 040 |
|
|
|a DLC
|c NGU
|d TXA
|d UtOrBLW
|
| 049 |
|
|
|a TXAM
|v 1 [239998]
|v 2 [239999]
|v 3 [240000]
|
| 050 |
0 |
0 |
|a PR2296
|b .L6 1879
|
| 092 |
|
|
|a 821
|b L748p
|
| 100 |
1 |
|
|a Lindsay, David,
|d active 1490-1555.
|
| 245 |
1 |
4 |
|a The poetical works of Sir David Lyndsay /
|c with memoir, notes and glossary by David Laing.
|
| 264 |
|
1 |
|a Edinburgh :
|b W. Patterson,
|c 1879.
|
| 300 |
|
|
|a 3 volumes :
|b illustrations, facsimiles (1 folded) ;
|c 21 cm.
|
| 336 |
|
|
|a text
|b txt
|2 rdacontent
|
| 337 |
|
|
|a unmediated
|b n
|2 rdamedia
|
| 338 |
|
|
|a volume
|b nc
|2 rdacarrier
|
| 500 |
|
|
|a Includes reproductions of original title-pages.
|
| 500 |
|
|
|a "Limited to four hundred and eighty-five copies ... Number 456."
|
| 700 |
1 |
|
|a Laing, David,
|d 1793-1878.
|
| 999 |
|
|
|a MARS
|
| 999 |
f |
f |
|s b4b78476-f85f-34ea-82ab-eaf67d80c600
|i 8570f761-d129-35dd-a00b-4f93402174fb
|t 0
|
| 952 |
f |
f |
|p ric
|a Texas A&M University
|b Rellis Campus
|c Joint Library Facility
|d Remote Storage
|t 0
|e PR2296 .L6 1879
|h Library of Congress classification
|i unmediated -- volume
|k v.3
|m A14801281711
|
| 952 |
f |
f |
|p ric
|a Texas A&M University
|b Rellis Campus
|c Joint Library Facility
|d Remote Storage
|t 0
|e PR2296 .L6 1879
|h Library of Congress classification
|i unmediated -- volume
|k v.2
|m A14801281703
|
| 952 |
f |
f |
|p ric
|a Texas A&M University
|b Rellis Campus
|c Joint Library Facility
|d Remote Storage
|t 0
|e PR2296 .L6 1879
|h Library of Congress classification
|i unmediated -- volume
|k v.1
|m A14801281698
|
| 998 |
f |
f |
|a PR2296 .L6 1879
|s v.1-v.3
|t 0
|l Remote Storage
|